| 000 | 00545nmm a2200181Ia 4500 | ||
|---|---|---|---|
| 008 | 251105s9999||||xx |||||||||||||||||und|| | ||
| 020 | _a9781558858886 | ||
| 041 | _aeng | ||
| 100 | _aGlick, Marty | ||
| 245 | 4 |
_aThe Soledad Children : _b The Fight to End Discriminatory IQ Tests |
|
| 264 |
_a[Washington, Estados Unidos] : _bArte Público Press, _c2019 |
||
| 300 | _a241 páginas | ||
| 650 | _aEducation | ||
| 700 | _aGlick, Marty | ||
| 700 | 1 | _a Jordane, Maurice | |
| 856 | _uhttps://public.digitaliapublishing.com/a/82584 | ||
| 942 | _cCF | ||
| 999 |
_c66173 _d66173 |
||